<?xml version="1.0" encoding="UTF-8"?>
<record
    xmlns:xsi="http://www.w3.org/2001/XMLSchema-instance"
    xsi:schemaLocation="http://www.loc.gov/MARC21/slim http://www.loc.gov/standards/marcxml/schema/MARC21slim.xsd"
    xmlns="http://www.loc.gov/MARC21/slim">

  <leader>00860nam a22001337a 4500</leader>
  <datafield tag="040" ind1=" " ind2=" ">
    <subfield code="c">RUA</subfield>
  </datafield>
  <datafield tag="082" ind1=" " ind2=" ">
    <subfield code="a">AGR KEO 2021 B1-586 Or.</subfield>
  </datafield>
  <datafield tag="100" ind1=" " ind2=" ">
    <subfield code="a">KEO SETHYKA,&#x1780;&#x17C2;&#x179C; &#x179F;&#x17B7;&#x1791;&#x17D2;&#x1792;&#x17B7;&#x1780;&#x17B6;</subfield>
  </datafield>
  <datafield tag="245" ind1=" " ind2=" ">
    <subfield code="a">EFFECTS OF ANAEROBIC SOIL DISINFESTATION CARBON SOURCES ON BATERIAL WILT (Ralstonia solanacearum) ON TOMATO,&#x17A5;&#x1791;&#x17D2;&#x1792;&#x17B7;&#x1796;&#x179B;&#x1793;&#x17C3;&#x1794;&#x17D2;&#x179A;&#x1797;&#x1796;&#x1780;&#x17B6;&#x1794;&#x17BC;&#x1793;&#x1780;&#x17D2;&#x1793;&#x17BB;&#x1784;&#x1780;&#x17B6;&#x179A;&#x1780;&#x17B6;&#x178F;&#x17CB;&#x1794;&#x1793;&#x17D2;&#x1790;&#x1799;&#x1798;&#x17C1;&#x179A;&#x17C4;&#x1782;&#x178A;&#x17C2;&#x179B;&#x1798;&#x17B7;&#x1793;&#x178F;&#x17D2;&#x179A;&#x17BC;&#x179C;&#x1780;&#x17B6;&#x179A;&#x17A2;&#x17BB;&#x1780;&#x179F;&#x17CA;&#x17B8;&#x179F;&#x17C2;&#x1793;&#x1791;&#x17C5;&#x179B;&#x17BE;&#x1787;&#x17C6;&#x1784;&#x17BA;&#x1794;&#x17B6;&#x1780;&#x17CB;&#x178F;&#x17C1;&#x179A;&#x17B8;&#x179F;&#x17D2;&#x179A;&#x1796;&#x17C4;&#x1793;&#x179F;&#x17D2;&#x179B;&#x17B9;&#x1780;&#x179F;&#x17D2;&#x179A;&#x179F;&#x17CB;(Ralstonia solanacearum)&#x1791;&#x17C5;&#x179B;&#x17BE;&#x178A;&#x17C6;&#x178E;&#x17B6;&#x17C6;&#x1794;&#x17C9;&#x17C1;&#x1784;&#x1794;&#x17C9;&#x17C4;&#x17C7;</subfield>
  </datafield>
  <datafield tag="260" ind1=" " ind2=" ">
    <subfield code="a">phnom penh</subfield>
    <subfield code="b">rua</subfield>
    <subfield code="c">2021</subfield>
  </datafield>
  <datafield tag="300" ind1=" " ind2=" ">
    <subfield code="a">ix.29p.</subfield>
    <subfield code="b">ill.</subfield>
    <subfield code="c">29cm.</subfield>
  </datafield>
  <datafield tag="856" ind1=" " ind2=" ">
    <subfield code="u">https://drive.google.com/file/d/1wdmjpHDSnYmt73ggo_n_1oXhAXaN1p7a/view?usp=sharing</subfield>
  </datafield>
  <datafield tag="942" ind1=" " ind2=" ">
    <subfield code="c">AGR</subfield>
  </datafield>
  <datafield tag="999" ind1=" " ind2=" ">
    <subfield code="c">22691</subfield>
    <subfield code="d">22691</subfield>
  </datafield>
  <datafield tag="952" ind1=" " ind2=" ">
    <subfield code="0">0</subfield>
    <subfield code="1">0</subfield>
    <subfield code="4">0</subfield>
    <subfield code="6">AGR_KEO_2021_000000000000000_B1586_OR</subfield>
    <subfield code="7">0</subfield>
    <subfield code="9">97498</subfield>
    <subfield code="a">LBB</subfield>
    <subfield code="b">LBB</subfield>
    <subfield code="c">B1.586</subfield>
    <subfield code="d">2024-03-26</subfield>
    <subfield code="o">AGR KEO 2021 B1-586 Or.</subfield>
    <subfield code="p">a078456</subfield>
    <subfield code="r">2024-03-26</subfield>
    <subfield code="y">AGR</subfield>
  </datafield>
  <datafield tag="952" ind1=" " ind2=" ">
    <subfield code="0">0</subfield>
    <subfield code="1">0</subfield>
    <subfield code="4">0</subfield>
    <subfield code="6">AGR_KEO_2021_000000000000000_B1586_OR</subfield>
    <subfield code="7">0</subfield>
    <subfield code="9">97499</subfield>
    <subfield code="a">LBB</subfield>
    <subfield code="b">LBB</subfield>
    <subfield code="c">B1.586</subfield>
    <subfield code="d">2024-03-26</subfield>
    <subfield code="o">AGR KEO 2021 B1-586 Or.</subfield>
    <subfield code="p">a078491</subfield>
    <subfield code="r">2024-03-26</subfield>
    <subfield code="y">AGR</subfield>
  </datafield>
  <datafield tag="952" ind1=" " ind2=" ">
    <subfield code="0">0</subfield>
    <subfield code="1">0</subfield>
    <subfield code="4">0</subfield>
    <subfield code="6">AGR_KEO_2021_000000000000000_B1586_OR</subfield>
    <subfield code="7">0</subfield>
    <subfield code="9">97500</subfield>
    <subfield code="a">LBB</subfield>
    <subfield code="b">LBB</subfield>
    <subfield code="c">B1.586</subfield>
    <subfield code="d">2024-03-26</subfield>
    <subfield code="o">AGR KEO 2021 B1-586 Or.</subfield>
    <subfield code="p">a078551</subfield>
    <subfield code="r">2024-03-26</subfield>
    <subfield code="y">AGR</subfield>
  </datafield>
  <datafield tag="952" ind1=" " ind2=" ">
    <subfield code="0">0</subfield>
    <subfield code="1">0</subfield>
    <subfield code="4">0</subfield>
    <subfield code="6">AGR_KEO_2021_000000000000000_B1586_OR</subfield>
    <subfield code="7">0</subfield>
    <subfield code="9">97501</subfield>
    <subfield code="a">LBB</subfield>
    <subfield code="b">LBB</subfield>
    <subfield code="c">B1.586</subfield>
    <subfield code="d">2024-03-26</subfield>
    <subfield code="o">AGR KEO 2021 B1-586 Or.</subfield>
    <subfield code="p">a078332</subfield>
    <subfield code="r">2024-03-26</subfield>
    <subfield code="y">AGR</subfield>
  </datafield>
</record>
